000 00308nam a2200133Ia 4500
005 20260328104250.0
008 260328s9999||||xx |||||||||||||| ||und||
100 _aKuper, Piter
245 0 _aDiario de Nueva York /
_cPiter Kuper
260 _bSexto Piso
300 _a192 p.
650 _aARTE
942 _cBK
999 _c10229
_d10229